| 000 | 00576cam a2200193 a 4500 | ||
|---|---|---|---|
| 020 | _a9780821378915 | ||
| 020 | _a0821378910 | ||
| 020 | _a9780821379110 (electronic) | ||
| 020 | _a0821379119 (electronic) | ||
| 040 | _cDLC | ||
| 082 | 0 | 0 | _a338 WOR 2009 A076 Or. |
| 100 | 1 | _aMorra-Imas, Linda G. | |
| 245 | 1 | 4 |
_aThe road to results : _bdesigning and conducting effective development evaluations / |
| 260 |
_aWashington, DC : _bWorld Bank, _cc2009. |
||
| 300 |
_axxii, 582 p. : _bill. ; _c25 cm. |
||
| 650 | 0 | _aEconomic development | |
| 700 | 1 | _aRist, Ray C. | |
| 942 | _cEK | ||
| 999 |
_c15418 _d15418 |
||